000 00585nam a22002057a 4500
003 SISC
005 20160301135301.0
008 130906t xxu||||| |||| 00| 0 eng d
050 _aPS 3513
_b.G447 [ca.1990]
082 _aHS 811.5'2
_bP73 19
100 _aGibran, Kahlil
_910214
245 _aThe prophet /
_cKahlil Gibran.
260 _aNew Delhi :
_bClassic Paperbacks,
_c[ca.1990]
300 _a113 p. :
_c17 cm.
650 _aInspirational.
_916773
650 _aProse poems, American
_916774
650 _aMysticism
_xPoetry.
_916775
942 _2lcc
_cBK
999 _c10471
_d10471